000 00550nam a22001937a 4500
003 KOHA_MİRAKIL
005 20251221164333.0
008 251221b tu ||||| |||| 00| 0 tur d
020 _a9786051967646
040 _aTR-AnABB
_btur
_cTR-AnABB
041 _atur
082 _a303.4
_bYOR 2022
100 1 _aYorgancılar, Serkan,
245 1 0 _aTürk modernleşmesi ve Nurettin Topçu /
_cSerkan Yorgancılar
260 _aİstanbul :
_bÇizgi Kitabevi,
_c2022
300 _a272 sayfa ;
_c20 cm
650 0 4 _aModernizm
942 _2ddc
_cBK
999 _c9875
_d9875
900 _bGizem YORULMAZ